Bharat's company rules & forms / (Record no. 126754)

MARC details
000 -LEADER
fixed length control field 00761nam a22002417a 4500
005 - DATE AND TIME OF LATEST TRANSACTION
control field 20170124110014.0
010 ## - LIBRARY OF CONGRESS CONTROL NUMBER
LC control number A-998108
020 ## - INTERNATIONAL STANDARD BOOK NUMBER
Terms of availability 300.00
International Standard Book Number 8177370073
035 ## - SYSTEM CONTROL NUMBER
System control number A-998108
037 ## - SOURCE OF ACQUISITION
Source of stock number/acquisition Cen Lib/Ret
040 ## - CATALOGING SOURCE
Original cataloging agency DPL
Language of cataloging EN
082 ## - DEWEY DECIMAL CLASSIFICATION NUMBER
Classification number 346.066
Item number COM
245 ## - TITLE STATEMENT
Title Bharat's company rules & forms /
Statement of responsibility, etc edited by Ravi Pulani [and] Mahesh Pulani
Remainder of title including companies court rules, 1959
250 ## - EDITION STATEMENT
Edition statement 3rd ed
260 ## - PUBLICATION, DISTRIBUTION, ETC. (IMPRINT)
Name of publisher, distributor, etc New Delhi
Place of publication, distribution, etc Bharat Law House
Date of publication, distribution, etc 2000
270 ## - ADDRESS
Address 222, tarun enclave, pitampura
City New Delhi
Postal code 110034
300 ## - PHYSICAL DESCRIPTION
Extent 655p.
Dimensions 21cm(Hb)
500 ## - GENERAL NOTE
General note Includes appendix
650 ## - SUBJECT ADDED ENTRY--TOPICAL TERM
Topical term or geographic name as entry element Taxation
9 (RLIN) 89471
650 ## - SUBJECT ADDED ENTRY--TOPICAL TERM
Topical term or geographic name as entry element Company rules
9 (RLIN) 18390
700 ## - ADDED ENTRY--PERSONAL NAME
Personal name Pulani, Mahesh
9 (RLIN) 18391
942 ## - ADDED ENTRY ELEMENTS (KOHA)
Source of classification or shelving scheme Dewey Decimal Classification
Koha item type English Books
Classification part 346.066
Call number suffix COM
Holdings
Withdrawn status Lost status Damaged status Not for loan Home library Current library Date acquired Source of acquisition Cost, normal purchase price Total Checkouts Full call number Barcode Date last seen Copy number Cost, replacement price Price effective from Koha item type
        Central Library Central Library 26/06/2015 Cen Lib/Ret 300.00   346.066 COM A-998108 26/06/2015 1 300.00 26/06/2015 English Books

© Delhi Public Library
Hit Counter
free hit counter